000 00644nam a2200193 u 4500
001 000002515
005 20240530073910.0
008 090702s200u dr ac r 000 0 spa d
040 _aDO-SdBNP
_bspa
_cBNPHU
082 _a863.4
_bD611c
100 1 _aDisla Guillén, Félix,
_d1922-
_97913
245 1 0 _aConversando con el Samán :
_bMemorias de un pintor /
_cFélix Disla Guillén.
250 _a2a ed.
260 _aSanto Domingo :
_b[s.n],
_c[200-?].
300 _a104 p. :
_bil., retr. ;
_c21 cm.
500 _aIncluye datos biográficos de autor en la contraportada.
650 0 _aNovela dominicana
_9223
650 0 _aLiteratura dominicana.
_967
999 _c2351
_d2351